|
|
|
|
| LEADER |
00000n m0a2200000 4500 |
| 001 |
222027 |
| 005 |
20231101230435.0 |
| 010 |
|
|
|a 5247007182
|
| 020 |
|
|
|a RU
|b 90-12125
|
| 035 |
|
|
|a (RuTPU)RU\TPU\book\242209
|
| 090 |
|
|
|a 222027
|
| 100 |
|
|
|a 20120917d1990 k y0rusy5003 ca
|
| 101 |
0 |
|
|a rus
|
| 102 |
|
|
|a RU
|
| 105 |
|
|
|a a z 001zy
|
| 200 |
1 |
|
|a Выбор оборудования карьерного конвейерного транспорта
|f В. С. Волотковский, Г. Д. Кармаев, М. И. Драя
|
| 210 |
|
|
|a Москва
|c Недра
|d 1990
|
| 215 |
|
|
|a 192 с.
|c ил.
|d 20 см
|
| 320 |
|
|
|a Библиогр.: с. 190-191 (29 назв.).
|
| 606 |
1 |
|
|a Карьерный транспорт конвейерный
|x Выбор типа
|2 stltpush
|3 (RuTPU)RU\TPU\subj\13965
|9 40496
|
| 610 |
1 |
|
|a карьеры
|
| 610 |
1 |
|
|a конвейерные установки
|
| 610 |
1 |
|
|a выбор
|
| 610 |
1 |
|
|a исходные данные
|
| 610 |
1 |
|
|a конвейерные линии
|
| 610 |
1 |
|
|a оборудование
|
| 610 |
1 |
|
|a параметры
|
| 610 |
1 |
|
|a оптимизация
|
| 610 |
1 |
|
|a применение
|
| 610 |
1 |
|
|a ленточные конвейеры
|
| 610 |
1 |
|
|a техническое обслуживание
|
| 675 |
|
|
|a 622.682
|z rus
|v 3
|
| 700 |
|
1 |
|a Волотковский
|b В. С.
|g Виктор Сергеевич
|4 070
|
| 701 |
|
1 |
|a Кармаев
|b Г. Д.
|g Геннадий Дмитриевич
|
| 701 |
|
1 |
|a Драя
|b М. И.
|g Мирча Иоан
|
| 801 |
|
0 |
|a RU
|b RuMRKP
|c 19950417
|g psbo
|
| 801 |
|
1 |
|a RU
|b 63413507
|c 20120917
|
| 801 |
|
2 |
|a RU
|b 63413507
|c 20120921
|g RCR
|
| 942 |
|
|
|c BK
|